<?xml version="1.0" encoding="UTF-8"?><?xml-stylesheet type="text/xsl" href="static/style.xsl"?><OAI-PMH xmlns="http://www.openarchives.org/OAI/2.0/" xmlns:xsi="http://www.w3.org/2001/XMLSchema-instance" xsi:schemaLocation="http://www.openarchives.org/OAI/2.0/ http://www.openarchives.org/OAI/2.0/OAI-PMH.xsd"><responseDate>2026-04-30T00:19:05Z</responseDate><request verb="GetRecord" identifier="oai:uvadoc.uva.es:10324/79486" metadataPrefix="marc">https://uvadoc.uva.es/oai/request</request><GetRecord><record><header><identifier>oai:uvadoc.uva.es:10324/79486</identifier><datestamp>2025-11-07T20:03:03Z</datestamp><setSpec>com_10324_38</setSpec><setSpec>col_10324_852</setSpec></header><metadata><record xmlns="http://www.loc.gov/MARC21/slim" xmlns:doc="http://www.lyncode.com/xoai" xmlns:xsi="http://www.w3.org/2001/XMLSchema-instance" xmlns:dcterms="http://purl.org/dc/terms/" xsi:schemaLocation="http://www.loc.gov/MARC21/slim http://www.loc.gov/standards/marcxml/schema/MARC21slim.xsd">
<leader>00925njm 22002777a 4500</leader>
<datafield tag="042" ind1=" " ind2=" ">
<subfield code="a">dc</subfield>
</datafield>
<datafield tag="720" ind1=" " ind2=" ">
<subfield code="a">Román Peñas, Sandra</subfield>
<subfield code="e">author</subfield>
</datafield>
<datafield tag="260" ind1=" " ind2=" ">
<subfield code="c">2025</subfield>
</datafield>
<datafield tag="520" ind1=" " ind2=" ">
<subfield code="a">La Nouvelle Vague significó un cambio importante desde el punto&#xd;
de vista de la representación de la mujer en el cine con relación a épocas anteriores; pero&#xd;
también cada director/a de la Nouvelle Vague abordó en sus películas de forma diferente&#xd;
la representación femenina. El trabajo analiza en concreto la peculiar actitud del&#xd;
realizador Jean-Luc Godard en parte de su trayectoria cinematográfica entre 1960 y 1967.</subfield>
</datafield>
<datafield tag="520" ind1=" " ind2=" ">
<subfield code="a">The Nouvelle Vague meant an important change from the point of&#xd;
view of the representation of women in cinema in relation to previous periods; but also,&#xd;
each director of the Nouvelle Vague approached the representation of women in his or her&#xd;
films in a different way. This work analyzes the peculiar attitude of the filmmaker Jean-&#xd;
Luc Godard in part of his film career between 1960 and 1967.</subfield>
</datafield>
<datafield tag="024" ind2=" " ind1="8">
<subfield code="a">https://uvadoc.uva.es/handle/10324/79486</subfield>
</datafield>
<datafield tag="245" ind1="0" ind2="0">
<subfield code="a">Cambios en la representación femenina en el cine de la Nouvelle Vague: El caso de Jean-Luc Godard (1960-1967)</subfield>
</datafield>
</record></metadata></record></GetRecord></OAI-PMH>